[Event "AUTO-OPEN-1193"]
[Site "http://www.queenalice.com/game.php?id=431711"]
[Date "2008.7.11"]
[Round "1"]
[White "Dyggo"]
[Black "brown"]
[Result "0-1"]
[WhiteElo "1942"]
[BlackElo "1947"]

1. e4 d6 2. d4 Nf6 3. Nc3 g6 4. f4 Bg7 5. Be2 O-O 6. Nf3 c5 7. d5 e6 8. O-O exd5
9. exd5 Re8 10. Bb5 Re7 11. Re1 a6 12. Bd3 b5 13. Ne4 c4 14. Nxf6+ Bxf6 15. Bf1
Rxe1 16. Qxe1 Bb7 17. Qe4 Nd7 18. Be3 Bxb2 19. Bd4 Bxa1 20. Bxa1 Nb6 21. Qd4 f6
22. f5 Nxd5 23. fxg6 hxg6 24. Qh4 Qe7 25. Bd4 Kg7 26. Qg3 Re8 27. Nh4 Qe4 28.
Kh1 Nf4 0-1

[Event "AUTO-OPEN-1193"]
[Site "http://www.queenalice.com/game.php?id=431712"]
[Date "2008.7.11"]
[Round "1"]
[White "brown"]
[Black "rsgaspar"]
[Result "0-1"]
[WhiteElo "1905"]
[BlackElo "1757"]

1. f4 d5 2. Nf3 Nf6 3. e3 h6 4. b3 e6 5. Bb2 Be7 6. Be2 a6 7. O-O Bd7 8. c4 c6
9. d4 Bb4 10. c5 Ba5 11. Bd3 b6 12. cxb6 Bxb6 13. Ba3 Bc8 14. Ne5 Nfd7 15. Qh5
Qf6 16. Nxf7 Rg8 17. Nxh6+ g6 18. Nxg8 gxh5 19. Nxf6+ Nxf6 20. Nd2 Nbd7 21. Rac1
Bb7 22. Bg6+ Kd8 23. Nf3 Kc7 24. Ng5 Rg8 25. Nxe6+ Kc8 26. Bd3 Ng4 27. Rfe1 Ndf6
28. h3 Nh6 29. Nc5 Nd7 30. Nxa6 Bd8 31. Nc5 Nxc5 32. Bxc5 Kc7 33. a4 Bc8 34. b4
Bxh3 35. Re2 Nf5 36. Kh2 Bg4 37. Ree1 Bh4 38. Bxf5 Bxf5 0-1

[Event "AUTO-OPEN-1193"]
[Site "http://www.queenalice.com/game.php?id=431713"]
[Date "2008.7.11"]
[Round "1"]
[White "rsgaspar"]
[Black "brown"]
[Result "0-1"]
[WhiteElo "1837"]
[BlackElo "1627"]

1. e4 c5 2. Nf3 d6 3. h3 Nc6 4. c3 g6 5. a3 Nf6 6. Bc4 Bg7 7. b4 Nxe4 8. Qe2 d5
9. Bb5 O-O 10. Bb2 cxb4 11. axb4 Nxb4 12. d3 Nd6 13. Ba4 Nc6 14. O-O Qb6 15. Qc2
Bf5 16. Qd2 Bxd3 17. Rd1 Ne4 18. Qxd3 Qxf2+ 19. Kh1 Qxb2 20. Nbd2 Nf2+ 0-1

[Event "AUTO-OPEN-1193"]
[Site "http://www.queenalice.com/game.php?id=431714"]
[Date "2008.7.11"]
[Round "1"]
[White "brown"]
[Black "enzoiazo"]
[Result "0-1"]
[WhiteElo "1877"]
[BlackElo "2259"]

1. c4 Nf6 2. Nc3 d6 3. g3 g6 4. Bg2 Bg7 5. d4 O-O 6. Nf3 c5 7. dxc5 dxc5 8. Qb3
Qa5 9. Bd2 Qa6 10. Ne5 Rd8 11. O-O-O Nbd7 12. Bg5 Qe6 13. Bf4 h6 14. Nd5 g5 15.
Nc7 Qf5 16. Nxa8 gxf4 17. Nd3 fxg3 18. hxg3 Ne4 19. Bxe4 Qxe4 0-1

[Event "AUTO-OPEN-1193"]
[Site "http://www.queenalice.com/game.php?id=431715"]
[Date "2008.7.11"]
[Round "1"]
[White "enzoiazo"]
[Black "brown"]
[Result "1-0"]
[WhiteElo "2258"]
[BlackElo "1879"]

1. d4 d5 2. Nf3 Nc6 3. Bf4 Bg4 4. Nbd2 Nf6 5. e3 e6 6. h3 Bxf3 7. Nxf3 Bd6 8.
Bxd6 cxd6 9. Be2 O-O 10. O-O Rc8 11. c3 Ne4 12. Nd2 f5 13. Qe1 Qg5 14. f4 Qd8
15. Rc1 Nxd2 16. Qxd2 Qa5 17. a3 Ne7 18. Qe1 Qb6 19. Rc2 Rf6 20. Rf3 1-0

[Event "AUTO-INT-979"]
[Site "http://www.queenalice.com/game.php?id=438306"]
[Date "2008.7.24"]
[Round "1"]
[White "carlos31"]
[Black "brown"]
[Result "1-0"]
[WhiteElo "1865"]
[BlackElo "1759"]

1. e4 e6 2. Nf3 d5 3. exd5 exd5 4. d4 Bd6 5. Nc3 Ne7 6. Bg5 f6 7. Bh4 O-O 8. Bd3
Nbc6 9. O-O Bg4 10. h3 Bxf3 11. Qxf3 Nxd4 12. Qh5 g6 13. Qh6 Nef5 14. Bxf5 Nxf5
15. Qd2 Nxh4 16. Qxd5+ Kg7 17. b3 Be5 18. Qc4 Qd4 19. Qxd4 Bxd4 20. Nd5 Bxa1 21.
Rxa1 c6 22. Nf4 Kf7 23. Rd1 Rad8 24. Nd3 Nf5 25. Kf1 Nd4 26. c3 Nb5 27. c4 Nc3
28. Rd2 Ne4 29. Rd1 Nc5 30. Nb2 Rxd1+ 31. Nxd1 Rd8 32. Ke2 Ne4 33. Ke1 1-0

[Event "AUTO-INT-979"]
[Site "http://www.queenalice.com/game.php?id=438307"]
[Date "2008.7.24"]
[Round "1"]
[White "brown"]
[Black "carlos31"]
[Result "1-0"]
[WhiteElo "1876"]
[BlackElo "1877"]

1. d4 e6 2. c4 Nf6 3. Nf3 c5 4. d5 exd5 5. cxd5 Bd6 6. Nc3 O-O 7. e4 Re8 8. Bd3
a6 9. a4 Qb6 10. O-O Ng4 11. a5 Qc7 12. h3 Nh2 13. e5 Nxf1 14. exd6 Qxd6 15.
Kxf1 Qc7 16. d6 Qd8 17. Bxh7+ Kxh7 18. Ng5+ Kg6 19. Qg4 Qf6 20. Nge4+ Kh7 21.
Nxf6+ gxf6 22. Nd5 Rg8 23. Nxf6+ Kh8 24. Qxg8# 1-0

[Event "AUTO-INT-979"]
[Site "http://www.queenalice.com/game.php?id=438324"]
[Date "2008.7.24"]
[Round "1"]
[White "brown"]
[Black "MONTENEGRO"]
[Result "0-1"]
[WhiteElo "1880"]
[BlackElo "1638"]

1. Nf3 d5 2. e3 Nc6 3. d4 Nf6 4. c4 e6 5. Nc3 Bb4 6. Bd3 O-O 7. O-O dxc4 8. Bxc4
Bxc3 9. bxc3 h6 10. Ba3 Re8 11. Qc2 Na5 12. Bd3 Bd7 13. Ne5 Bc8 14. f4 Nc6 15.
Nxc6 bxc6 16. e4 Ng4 17. Qe2 Qh4 18. h3 Nf6 19. Kh2 Nh5 20. Qf3 e5 21. fxe5 Qf4+
22. Qxf4 Nxf4 23. Rxf4 g5 24. Rf6 Be6 25. Rxh6 Kg7 26. Rf6 g4 27. Raf1 Rh8 28.
c4 gxh3 29. g4 Rab8 30. d5 Bxg4 0-1

[Event "AUTO-INT-979"]
[Site "http://www.queenalice.com/game.php?id=438325"]
[Date "2008.7.24"]
[Round "1"]
[White "MONTENEGRO"]
[Black "brown"]
[Result "1-0"]
[WhiteElo "1664"]
[BlackElo "1852"]

1. e4 Nf6 2. Nc3 e5 3. Nf3 Nc6 4. Bb5 Bc5 5. h3 Nd4 6. Nxe5 O-O 7. O-O d6 8. Nd3
Nxb5 9. Nxc5 Nxc3 10. dxc3 dxc5 11. Bg5 Qxd1 12. Raxd1 Nxe4 13. Bf4 c6 14. Rfe1
Bf5 15. g4 Bg6 16. h4 h6 17. f3 Nf6 18. Bd6 Rfe8 19. Rxe8+ Rxe8 20. h5 Bxc2 21.
Rd2 Rd8 22. Rxc2 Rxd6 23. c4 Nd7 24. f4 Nf6 25. g5 Nxh5 26. gxh6 gxh6 27. f5 Rf6
28. Rd2 b5 29. cxb5 cxb5 30. Rd5 Rc6 31. Rd2 1-0

[Event "AUTO-INT-979"]
[Site "http://www.queenalice.com/game.php?id=438326"]
[Date "2008.7.24"]
[Round "1"]
[White "brown"]
[Black "alisson124"]
[Result "1-0"]
[WhiteElo "1906"]
[BlackElo "1227"]

1. Nf3 Nc6 2. d4 Nf6 3. d5 Na5 4. Nc3 e5 5. Nxe5 Bd6 6. Nf3 O-O 7. e4 c6 8. Bg5
Be7 9. d6 Bxd6 10. Qxd6 b5 11. e5 Nb7 12. Qd4 d5 13. exf6 Re8+ 14. Be2 b4 15.
fxg7 Re7 16. Bxe7 Qxe7 17. Nd1 Nc5 18. O-O Bf5 19. Bd3 Bxd3 20. cxd3 a5 21. Re1
Qf8 22. gxf8=R+ Kxf8 23. Qh8# 1-0

[Event "AUTO-INT-979"]
[Site "http://www.queenalice.com/game.php?id=438327"]
[Date "2008.7.24"]
[Round "1"]
[White "alisson124"]
[Black "brown"]
[Result "0-1"]
[WhiteElo "1246"]
[BlackElo "1622"]

1. e4 Nf6 2. Bd3 e5 3. Nf3 Nc6 4. O-O Bc5 5. c4 d6 6. Nc3 Bg4 7. Na4 Nd4 8. Nc3
Nxf3+ 9. gxf3 Bh3 10. b4 Nh5 11. bxc5 Qg5+ 12. Kh1 Qg2# 0-1

[Event "AUTO-OPEN-1208"]
[Site "http://www.queenalice.com/game.php?id=438984"]
[Date "2008.7.25"]
[Round "1"]
[White "DaLuz"]
[Black "brown"]
[Result "0-1"]
[WhiteElo "2118"]
[BlackElo "1906"]

1. e4 d5 2. exd5 Qxd5 3. Nc3 Qe6+ 4. Be2 Qg6 5. Bf3 e5 6. Be4 f5 7. Bf3 Nf6 8.
Nd5 Bd6 9. d3 Nbd7 10. Be3 e4 11. dxe4 fxe4 12. Be2 Qxg2 13. Bf3 exf3 14. Nxf6+
Nxf6 15. Qxf3 Qxf3 16. Nxf3 Bh3 17. Ng5 Bg2 18. Rg1 Bc6 19. Ne6 g6 20. O-O-O Ke7
21. Nf4 Kf7 0-1

[Event "AUTO-OPEN-1208"]
[Site "http://www.queenalice.com/game.php?id=438985"]
[Date "2008.7.25"]
[Round "1"]
[White "brown"]
[Black "DaLuz"]
[Result "0-1"]
[WhiteElo "1765"]
[BlackElo "2005"]

1. e4 c5 2. Nf3 g6 3. d4 cxd4 4. Nxd4 Bg7 5. Nc3 d6 6. Be3 Nc6 7. Bb5 Bd7 8. O-O
Nf6 9. f3 O-O 10. Nxc6 Bxc6 11. Qd3 Nd7 12. Bxc6 bxc6 13. Qc4 Rb8 14. Rab1 Nc5
15. b4 Nd7 16. Bxa7 Nb6 17. Bxb6 Qxb6+ 18. Kh1 Ra8 19. Rb3 e6 20. a3 d5 21. Qd3
f5 22. exf5 Rxf5 23. Ne2 Raf8 24. c4 Be5 25. a4 Rh5 26. f4 Rhf5 27. a5 Qa6 0-1

[Event "AUTO-OPEN-1208"]
[Site "http://www.queenalice.com/game.php?id=439016"]
[Date "2008.7.25"]
[Round "1"]
[White "brown"]
[Black "szachista92"]
[Result "0-1"]
[WhiteElo "1797"]
[BlackElo "1979"]

1. b3 e5 2. Bb2 Nc6 3. e4 Nf6 4. Nc3 Be7 5. Nf3 O-O 6. Bb5 d6 7. d4 Bg4 8. Bxc6
bxc6 9. dxe5 Bxf3 10. Qxf3 dxe5 11. Rd1 Bd6 12. O-O Qc8 13. Ne2 Qg4 14. Qxg4
Nxg4 15. c4 a5 16. Nc3 f5 17. exf5 Rxf5 18. h3 Nf6 0-1

[Event "AUTO-OPEN-1208"]
[Site "http://www.queenalice.com/game.php?id=439017"]
[Date "2008.7.25"]
[Round "1"]
[White "szachista92"]
[Black "brown"]
[Result "1-0"]
[WhiteElo "1988"]
[BlackElo "1797"]

1. e4 c5 2. Nc3 Nc6 3. f4 e6 4. Nf3 Nf6 5. d3 d5 6. e5 Nd7 7. d4 cxd4 8. Nxd4
Ndxe5 9. fxe5 Qh4+ 10. g3 Qxd4 11. Qxd4 Nxd4 12. Bd3 Nf3+ 13. Ke2 Nxe5 14. Nb5
Kd8 15. Bf4 f6 16. Rae1 Nxd3 17. cxd3 1-0

[Event "AUTO-ADV-1037"]
[Site "http://www.queenalice.com/game.php?id=463012"]
[Date "2008.9.14"]
[Round "1"]
[White "brown"]
[Black "reghini"]
[Result "0-1"]
[WhiteElo "1812"]
[BlackElo "1844"]

1. e4 e5 2. Nf3 d6 3. d4 Be7 4. Bc4 Bg4 5. dxe5 dxe5 6. Qxd8+ Bxd8 7. Nxe5 Be6
8. Bxe6 fxe6 9. O-O Nf6 10. Nc3 O-O 11. Be3 b6 12. Rad1 Na6 0-1

[Event "AUTO-ADV-1037"]
[Site "http://www.queenalice.com/game.php?id=463013"]
[Date "2008.9.14"]
[Round "1"]
[White "reghini"]
[Black "brown"]
[Result "1-0"]
[WhiteElo "1828"]
[BlackElo "1828"]

1. e4 c5 2. Nf3 g6 3. d3 Bg7 4. Be2 Nc6 5. O-O Nf6 6. Be3 d5 7. exd5 Nxd5 8.
Bxc5 Bxb2 9. Nbd2 Bxa1 10. Qxa1 O-O 11. c4 Nf4 12. Re1 Nxe2+ 13. Rxe2 1-0

[Event "AUTO-ADV-1037"]
[Site "http://www.queenalice.com/game.php?id=463014"]
[Date "2008.9.14"]
[Round "1"]
[White "brown"]
[Black "Tom"]
[Result "0-1"]
[WhiteElo "1952"]
[BlackElo "1850"]

1. e4 c5 2. Nf3 d6 3. d4 cxd4 4. Nxd4 Nf6 5. Nc3 a6 6. Be2 e6 7. O-O Be7 8. Be3
O-O 9. f4 Nbd7 10. Qe1 Qc7 11. Qg3 Nc5 12. Bf3 Rb8 13. e5 dxe5 0-1

[Event "AUTO-ADV-1037"]
[Site "http://www.queenalice.com/game.php?id=463016"]
[Date "2008.9.14"]
[Round "1"]
[White "brown"]
[Black "Nunes"]
[Result "0-1"]
[WhiteElo "1781"]
[BlackElo "1986"]

1. e4 e5 2. Nf3 Nc6 3. Bc4 Nf6 4. Ng5 Bc5 5. Nxf7 Bxf2+ 6. Kf1 Qe7 7. Nxh8 Bc5
8. d3 Qf8 9. Nf7 Na5 10. Nxe5 Nxc4 11. Nxc4 d5 12. Ne5 Bg4 0-1

[Event "AUTO-ADV-1037"]
[Site "http://www.queenalice.com/game.php?id=463017"]
[Date "2008.9.14"]
[Round "1"]
[White "Nunes"]
[Black "brown"]
[Result "1-0"]
[WhiteElo "1978"]
[BlackElo "1789"]

1. e4 c5 2. Nf3 g6 3. d4 cxd4 4. Nxd4 Bg7 5. Nc3 Nc6 6. Be3 Nf6 7. Nxc6 dxc6 8.
Qxd8+ Kxd8 9. Rd1+ Ke8 10. Be2 Ng4 11. Bxg4 Bxg4 12. f3 1-0